000 00586nam a2200229Ia 4500
003 OSt
005 20220918172548.0
006 a|||||r|||| 00| 0
007 ta
008 220917b |||||||| |||| 00| 0 eng d
024 _a1,568
037 _cTextual
040 _aARTS
_cARTS
_beng
041 _2eng
_aeng
082 _aR1, J13
100 _aWilliams Henry Horace
_942181
245 0 _aLogic for living ed by Jane Ross Hammer
260 _c1951
490 _aLectures of 1921-22
942 _hR1, J13
_cTEXL
_2CC
999 _c144563
_d144563